[Event "CYCC U10"]
[Site "Victoria CAN"]
[Date "2009.07.24"]
[Round "7"]
[White "Napieralski, Owen"]
[Black "Huang, James"]
[Result "1-0"]
[WhiteElo "802"]
[BlackElo "758"]
[PlyCount "99"]
[GameId "2160767910093693"]
[EventDate "2009.07.21"]
[EventType "swiss"]
[EventRounds "7"]
[EventCountry "CAN"]
[SourceTitle "hb 2009.10"]

1. e4 e5 2. Nf3 Nc6 3. Bb5 Nf6 4. Nc3 Bc5 5. Bxc6 bxc6 6. Nxe5 O-O 7. d4 Bb4 8. Qe2 d6 9. Nxc6 Bxc3+ 10. bxc3 Qe8 11. d5 Qxe4 12. Qxe4 Nxe4 13. Ne7+ Kh8 14. c4 Nc5 15. Nxc8 Raxc8 16. O-O c6 17. Bb2 Rb8 18. Rab1 cxd5 19. cxd5 Na4 20. Bd4 Rxb1 21. Rxb1 Re8 22. Bxa7 Nc3 23. Ra1 Nxa2 24. Rb1 Nc3 25. Rb8 Rxb8 26. Bxb8 Nxd5 27. Bxd6 g6 28. c4 Nc3 29. Be5+ Kg8 30. Bxc3 Kf8 31. c5 Ke7 32. Bb4 Kd7 33. f4 Kc6 34. Ba3 h5 35. h3 Kb5 36. Kf2 f5 37. Kf3 Kc6 38. g3 Kd5 39. Kg2 Kc6 40. Kf3 Kd5 41. Ke3 Ke6 42. c6 h4 43. gxh4 Kf7 44. c7 Ke6 45. c8=Q+ Kd5 46. Qd8+ Kc4 47. Qd4+ Kb3 48. Qb4+ Kc2 49. Qb2+ Kd1 50. Qd2# 1-0

[Event "CYCC U10"]
[Site "Victoria CAN"]
[Date "2009.07.24"]
[Round "7"]
[White "Song, Michael"]
[Black "Graif, William"]
[Result "0-1"]
[WhiteElo "1614"]
[BlackElo "1635"]
[PlyCount "144"]
[GameId "2160767910093694"]
[EventDate "2009.07.21"]
[EventType "swiss"]
[EventRounds "7"]
[EventCountry "CAN"]
[SourceTitle "hb 2009.10"]

1. d4 Nf6 2. c4 e6 3. Nc3 Bb4 4. Nf3 Bxc3+ 5. bxc3 b6 6. Ba3 Bb7 7. e3 d6 8. Bd3 Ne4 9. Bxe4 Bxe4 10. c5 bxc5 11. dxc5 d5 12. c4 c6 13. O-O O-O 14. cxd5 exd5 15. Bb2 Bxf3 16. gxf3 Nd7 17. Qd4 f6 18. f4 Qa5 19. Bc3 Qa6 20. Rfd1 Rae8 21. Rac1 Qe2 22. Re1 Qxa2 23. Ra1 Qc2 24. Rxa7 Re4 25. Qd2 Qxd2 26. Bxd2 Nxc5 27. Rb1 Rc8 28. Kf1 Ra4 29. Rbb7 Rxa7 30. Rxa7 Ne4 31. Be1 c5 32. Rd7 c4 33. f3 c3 34. fxe4 c2 35. Bd2 c1=Q+ 36. Bxc1 Rxc1+ 37. Kf2 dxe4 38. Rd4 f5 39. Rd8+ Kf7 40. Rd7+ Kf6 41. Rd6+ Ke7 42. Ra6 Rc2+ 43. Kg3 Re2 44. Ra7+ Kf6 45. Ra6+ Kf7 46. Ra7+ Kg6 47. Ra3 Kh5 48. Rb3 g6 49. Ra3 h6 50. Rb3 Re1 51. Ra3 Rf1 52. Rb3 Rf3+ 53. Kg2 Kg4 54. Ra3 g5 55. fxg5 hxg5 56. Rb3 f4 57. Rb4 Rxe3 58. h3+ Kh4 59. Rb8 Rxh3 60. Rh8+ Kg4 61. Rxh3 f3+ 62. Kh2 f2 63. Rg3+ Kf4 64. Rg2 f1=Q 65. Rg4+ Ke5 66. Rxg5+ Kd4 67. Rg1 Qxg1+ 68. Kxg1 e3 69. Kg2 Kd3 70. Kf1 Kd2 71. Kg2 e2 72. Kf3 e1=Q 0-1

[Event "CYCC U10 w"]
[Site "Victoria CAN"]
[Date "2009.07.21"]
[Round "1"]
[White "Giblon, Melissa"]
[Black "Milicevic, Aleksandra"]
[Result "1-0"]
[WhiteElo "1208"]
[BlackElo "1194"]
[PlyCount "145"]
[GameId "2160767910093695"]
[EventDate "2009.07.21"]
[EventType "tourn"]
[EventRounds "5"]
[EventCountry "CAN"]
[SourceTitle "EXT 2011"]
[Source "ChessBase"]
[SourceDate "2011.11.26"]
[SourceVersion "1"]
[SourceVersionDate "2011.11.26"]
[SourceQuality "1"]

1. e4 c5 2. Nf3 Nc6 3. d4 cxd4 4. Nxd4 g6 5. Nc3 Bg7 6. Bc4 Nxd4 7. Be3 Nc6 8. Qd2 Nf6 9. O-O-O O-O 10. Bh6 d6 11. f3 Qb6 12. g4 Bd7 13. h4 Bxg4 14. fxg4 Nxe4 15. Be3 Nxd2 16. Bxb6 axb6 17. Rxd2 Ne5 18. Be2 Rac8 19. Nd5 Rfe8 20. Bb5 Nc6 21. Nxb6 Rb8 22. Nd5 Ra8 23. Kb1 Be5 24. Nc7 Rac8 25. Nxe8 Rxe8 26. Rg2 Rc8 27. h5 Nd4 28. Bd3 Rc5 29. hxg6 hxg6 30. Rh3 Bf4 31. Rf2 Re5 32. b3 Be3 33. Rf1 e6 34. Rfh1 Kf8 35. Rh7 g5 36. Rf1 Bf4 37. Rfh1 Ke7 38. Bg6 Kd7 39. Rxf7+ Kc6 40. Rhh7 Nb5 41. a4 Re1+ 42. Ka2 Rf1 43. axb5+ Kxb5 44. Rxb7+ Kc5 45. Rhc7+ Kd4 46. Rc4+ Ke3 47. Re4+ Kd2 48. Bh7 Re1 49. Bg6 Be5 50. Rxe1 Kxe1 51. c4 Bd4 52. Re7 e5 53. Rd7 Bc5 54. Kb2 Kd2 55. Rh7 Ke3 56. Kc3 Bd4+ 57. Kb4 Kf4 58. Bh5 e4 59. Rf7+ Ke3 60. Bg6 Kd3 61. Bxe4+ Kxe4 62. Rf5 Kd3 63. Rxg5 Kc2 64. Rd5 Bc5+ 65. Ka4 Kc3 66. g5 Kc2 67. g6 Kb2 68. g7 Kc3 69. g8=Q Kb2 70. Qg3 Kc2 71. Rh5 Kd2 72. Rh2+ Kc1 73. Qe1# 1-0

[Event "CYCC U10 w"]
[Site "Victoria CAN"]
[Date "2009.07.21"]
[Round "1"]
[White "Morin, Heidi"]
[Black "Cheng, Megan"]
[Result "0-1"]
[WhiteElo "767"]
[BlackElo "964"]
[PlyCount "108"]
[GameId "2160767910093696"]
[EventDate "2009.07.21"]
[EventType "tourn"]
[EventRounds "5"]
[EventCountry "CAN"]
[SourceTitle "hb 2009.10"]

1. e4 e5 2. d3 g6 3. Nf3 Nf6 4. Ng5 Bg7 5. Nxf7 Kxf7 6. Bg5 Re8 7. Qf3 Kg8 8. Bxf6 Qxf6 9. Nd2 Qxf3 10. Nxf3 c6 11. Ng5 d5 12. c4 Bh6 13. Nf3 dxe4 14. dxe4 Bg4 15. Nh4 g5 16. Nf5 Bxf5 17. exf5 g4 18. Rd1 Rf8 19. Bd3 Na6 20. Rd2 Bxd2+ 21. Kxd2 Rad8 22. Ke3 Nc5 23. Bc2 Rde8 24. b4 Na6 25. b5 cxb5 26. cxb5 Nc5 27. Rd1 e4 28. f3 gxf3 29. gxf3 exf3+ 30. Kxf3 Ne6 31. Ke4 Ng7+ 32. Kd5 Rd8+ 33. Ke5 Rxd1 34. Bxd1 Rxf5+ 35. Ke4 Rxb5 36. a4 Rb4+ 37. Ke5 b5 38. a5 Rb1 39. Bc2 Ra1 40. Kd5 Rxa5 41. Kc5 a6 42. Kb6 Ra1 43. Be4 b4 44. Bd5+ Kf8 45. Be4 a5 46. Bxh7 b3 47. Bg6 a4 48. h4 Ke7 49. h5 Nxh5 50. Bxh5 b2 51. Bg6 a3 52. Ka5 a2 53. Ka4 b1=Q 54. Bxb1 axb1=Q# 0-1

[Event "CYCC U10 w"]
[Site "Victoria CAN"]
[Date "2009.07.21"]
[Round "1"]
[White "Peng, Janet"]
[Black "Dallaire, Samuelle"]
[Result "1-0"]
[WhiteElo "992"]
[BlackElo "853"]
[PlyCount "39"]
[GameId "2160767910093697"]
[EventDate "2009.07.21"]
[EventType "tourn"]
[EventRounds "5"]
[EventCountry "CAN"]
[SourceTitle "hb 2009.10"]

1. d4 d5 2. c4 c6 3. Nc3 e6 4. Nf3 Nf6 5. Bg5 Bb4 6. e3 O-O 7. Be2 Bd7 8. O-O Na6 9. e4 dxe4 10. Nxe4 Nxe4 11. Bxd8 Raxd8 12. Bd3 f5 13. Bxe4 fxe4 14. Ne5 Bc8 15. a3 Be7 16. Re1 c5 17. Rxe4 Bh4 18. Rxh4 Rf6 19. Qc2 Rdf8 20. Qxh7# 1-0

[Event "CYCC U10 w"]
[Site "Victoria CAN"]
[Date "2009.07.21"]
[Round "2"]
[White "Cheng, Megan"]
[Black "Peng, Janet"]
[Result "0-1"]
[WhiteElo "964"]
[BlackElo "992"]
[PlyCount "72"]
[GameId "2160767910093698"]
[EventDate "2009.07.21"]
[EventType "tourn"]
[EventRounds "5"]
[EventCountry "CAN"]
[SourceTitle "hb 2009.10"]

1. c4 e5 2. Nc3 Nf6 3. Nf3 Nc6 4. g3 Bc5 5. Bg2 d6 6. O-O O-O 7. Re1 Re8 8. d3 Ng4 9. h3 Bxf2+ 10. Kf1 Bxe1 11. Qxe1 Nf6 12. Bg5 h6 13. Bd2 e4 14. dxe4 Nxe4 15. Nxe4 Rxe4 16. b3 Qf6 17. Bc3 Qf5 18. Kg1 Qc5+ 19. Kf1 Bd7 20. b4 Qf5 21. e3 Rae8 22. Bd2 Rxc4 23. Kg1 Qf6 24. Rc1 Rxc1 25. Bxc1 Bxh3 26. Bxh3 Qxf3 27. Bg2 Qh5 28. Qf1 Nxb4 29. a3 Nc2 30. e4 Qc5+ 31. Kh2 Re5 32. Qf4 Rh5+ 33. Bh3 Nd4 34. Qg4 Qc2+ 35. Kh1 Nf3 36. Qxh5 Qh2# 0-1

[Event "CYCC U10 w"]
[Site "Victoria CAN"]
[Date "2009.07.21"]
[Round "2"]
[White "Dallaire, Samuelle"]
[Black "Milicevic, Aleksandra"]
[Result "0-1"]
[WhiteElo "853"]
[BlackElo "1194"]
[PlyCount "102"]
[GameId "2160767910093699"]
[EventDate "2009.07.21"]
[EventType "tourn"]
[EventRounds "5"]
[EventCountry "CAN"]
[SourceTitle "hb 2009.10"]

1. e4 c5 2. Bc4 Nc6 3. Nf3 g6 4. Nc3 Bg7 5. Nd5 Nf6 6. Nc3 O-O 7. O-O d6 8. d3 Bg4 9. Be3 Rc8 10. h3 Bxf3 11. Qxf3 Qd7 12. Bg5 Nd4 13. Qg3 Nxc2 14. Rac1 Nd4 15. Rfe1 b5 16. Bd5 Nxd5 17. exd5 Rfe8 18. Qh4 Nf5 19. Qg4 a6 20. Re2 Rc7 21. h4 Nd4 22. Ree1 Qxg4 23. Re4 Qd7 24. Rce1 e5 25. Ne2 Nxe2+ 26. R1xe2 c4 27. dxc4 bxc4 28. Bd2 Rec8 29. Ba5 Rb7 30. Bc3 f5 31. R4e3 Qa4 32. Kf1 Qxa2 33. g3 Qa1+ 34. Re1 Qa2 35. R3e2 Ra8 36. b4 Qa4 37. Ra1 Qe8 38. b5 axb5 39. Rxa8 Qxa8 40. Bb4 Rd7 41. Re3 Qa1+ 42. Re1 Qa4 43. Rb1 e4 44. Bc3 Bxc3 45. Kg2 b4 46. Rc1 b3 47. Rxc3 b2 48. Re3 b1=Q 49. f3 Qaa2+ 50. Re2 Qxe2+ 51. Kh3 Qh1# 0-1

[Event "CYCC U10 w"]
[Site "Victoria CAN"]
[Date "2009.07.22"]
[Round "3"]
[White "Cheng, Megan"]
[Black "Dallaire, Samuelle"]
[Result "1-0"]
[WhiteElo "964"]
[BlackElo "853"]
[PlyCount "43"]
[GameId "2160767910093701"]
[EventDate "2009.07.21"]
[EventType "tourn"]
[EventRounds "5"]
[EventCountry "CAN"]
[SourceTitle "hb 2009.10"]

1. e4 e5 2. Nf3 Nc6 3. Bc4 Nf6 4. d3 Bc5 5. O-O O-O 6. Nc3 d6 7. h3 Bd7 8. Bg5 Na5 9. Nd5 Nxc4 10. dxc4 Bc6 11. Nxf6+ gxf6 12. Bh6 Re8 13. Nd2 f5 14. exf5 Qf6 15. Qh5 Rad8 16. Rac1 Bd7 17. Ne4 Bxf5 18. Nxf6+ Kh8 19. Nxe8 Rxe8 20. Qxf7 Rg8 21. Qf6+ Rg7 22. Qxg7# 1-0

[Event "CYCC U10 w"]
[Site "Victoria CAN"]
[Date "2009.07.22"]
[Round "3"]
[White "Milicevic, Aleksandra"]
[Black "Morin, Heidi"]
[Result "1-0"]
[WhiteElo "1194"]
[BlackElo "767"]
[PlyCount "61"]
[GameId "2160767910093702"]
[EventDate "2009.07.21"]
[EventType "tourn"]
[EventRounds "5"]
[EventCountry "CAN"]
[SourceTitle "hb 2009.10"]

1. e4 e5 2. Nf3 Nf6 3. Nxe5 Nxe4 4. Qe2 Nc6 5. Qxe4 d6 6. Nxc6+ Be7 7. Nxd8 Kxd8 8. Bc4 Rf8 9. O-O g6 10. d3 Bf5 11. Qxb7 Rc8 12. Be3 Kd7 13. Qxa7 Ra8 14. Qd4 Bf6 15. Qxf6 Rfe8 16. Bb5+ c6 17. Bc4 Re5 18. Qxf7+ Re7 19. Qf6 Re6 20. Qg7+ Re7 21. Qf6 Re6 22. Bxe6+ Bxe6 23. Nc3 Rf8 24. Qxf8 d5 25. Bc5 d4 26. Bxd4 h5 27. Rfe1 g5 28. Qf6 Kd6 29. Rxe6+ Kc7 30. Qf7+ Kd8 31. Re8# 1-0

[Event "CYCC U10 w"]
[Site "Victoria CAN"]
[Date "2009.07.22"]
[Round "3"]
[White "Peng, Janet"]
[Black "Giblon, Melissa"]
[Result "0-1"]
[WhiteElo "992"]
[BlackElo "1208"]
[PlyCount "58"]
[GameId "2160767910093703"]
[EventDate "2009.07.21"]
[EventType "tourn"]
[EventRounds "5"]
[EventCountry "CAN"]
[SourceTitle "EXT 2011"]
[Source "ChessBase"]
[SourceDate "2011.11.26"]
[SourceVersion "1"]
[SourceVersionDate "2011.11.26"]
[SourceQuality "1"]

1. d4 d5 2. c4 e6 3. Nc3 Nf6 4. Bg5 Nbd7 5. Nf3 Be7 6. e3 O-O 7. Bd3 dxc4 8. Bxc4 a6 9. O-O b5 10. Bb3 Bb7 11. Ne5 h6 12. Nxd7 Nxd7 13. Bxe7 Qxe7 14. Qd3 Nf6 15. d5 exd5 16. Bxd5 Rad8 17. e4 c6 18. e5 Qxe5 19. Rfe1 Qc7 20. Ne4 Rxd5 21. Nxf6+ gxf6 22. Qh3 Kh7 23. Re4 Bc8 24. Qc3 Rf5 25. Rh4 Qa7 26. Qd2 Kg8 27. Qxh6 Qxf2+ 28. Kh1 Qf1+ 29. Rxf1 Rxf1# 0-1

[Event "CYCC U10 w"]
[Site "Victoria CAN"]
[Date "2009.07.22"]
[Round "4"]
[White "Dallaire, Samuelle"]
[Black "Giblon, Melissa"]
[Result "0-1"]
[WhiteElo "853"]
[BlackElo "1208"]
[PlyCount "31"]
[GameId "2160767910093704"]
[EventDate "2009.07.21"]
[EventType "tourn"]
[EventRounds "5"]
[EventCountry "CAN"]
[SourceTitle "EXT 2011"]
[Source "ChessBase"]
[SourceDate "2011.11.26"]
[SourceVersion "1"]
[SourceVersionDate "2011.11.26"]
[SourceQuality "1"]

1. e4 e5 2. Nf3 Nc6 3. Bc4 Bc5 4. d3 Nf6 5. Nc3 d6 6. Bg5 h6 7. Bh4 Bg4 8. h3 Bh5 9. O-O g5 10. Bg3 Qd7 11. Na4 Nd4 12. Qd2 Bxf3 13. gxf3 Nxf3+ 14. Kh1 Nxd2 15. Rfd1 Qxh3+ 16. Kg1 0-1

[Event "CYCC U10 w"]
[Site "Victoria CAN"]
[Date "2009.08.22"]
[Round "4"]
[White "Milicevic, Aleksandra"]
[Black "Cheng, Megan"]
[Result "1-0"]
[WhiteElo "1194"]
[BlackElo "964"]
[PlyCount "85"]
[GameId "2160767910093705"]
[EventDate "2009.07.21"]
[EventType "tourn"]
[EventRounds "5"]
[EventCountry "CAN"]
[SourceTitle "hb 2009.10"]

1. e4 e5 2. Nf3 Nc6 3. Bc4 g6 4. O-O Nf6 5. d3 Bg7 6. Bg5 O-O 7. c3 d6 8. h3 Be6 9. Nbd2 Re8 10. Qb3 Bxc4 11. Nxc4 b6 12. Qc2 Qd7 13. Qd2 h6 14. Bxh6 Bxh6 15. Qxh6 Nh7 16. Ng5 Nxg5 17. Qxg5 b5 18. Ne3 Qe7 19. Qxe7 Rxe7 20. b4 a5 21. bxa5 Nxa5 22. Nd5 Ree8 23. Nf6+ Kg7 24. Nxe8+ Rxe8 25. a4 bxa4 26. Rxa4 Nc6 27. Re1 Rg8 28. d4 exd4 29. cxd4 Re8 30. f3 f5 31. Kh2 fxe4 32. fxe4 d5 33. e5 Rf8 34. e6 Ne7 35. Ra7 Rc8 36. Kg3 Kf8 37. Kg4 c5 38. dxc5 Rxc5 39. Rf1+ Nf5 40. e7+ Ke8 41. Re1 Rc4+ 42. Kg5 Nd4 43. Ra8+ 1-0

[Event "CYCC U10 w"]
[Site "Victoria CAN"]
[Date "2009.08.22"]
[Round "4"]
[White "Morin, Heidi"]
[Black "Peng, Janet"]
[Result "0-1"]
[WhiteElo "767"]
[BlackElo "992"]
[PlyCount "42"]
[GameId "2160767910093706"]
[EventDate "2009.07.21"]
[EventType "tourn"]
[EventRounds "5"]
[EventCountry "CAN"]
[SourceTitle "hb 2009.10"]

1. e4 e5 2. Bc4 Nf6 3. Nc3 Nc6 4. Nf3 Bc5 5. d3 O-O 6. Bg5 d6 7. O-O Bg4 8. h3 Bh5 9. Qe2 h6 10. Bh4 Nd4 11. Qd2 Bxf3 12. gxf3 Nxf3+ 13. Kg2 Nxd2 14. Rfd1 Nxc4 15. dxc4 Qd7 16. Bxf6 gxf6 17. f3 Kh8 18. Nd5 Rg8+ 19. Kh2 Qa4 20. Nxf6 Qxc2+ 21. Kh1 Qg2# 0-1

[Event "CYCC U10 w"]
[Site "Victoria CAN"]
[Date "2009.07.23"]
[Round "5"]
[White "Dallaire, Samuelle"]
[Black "Morin, Heidi"]
[Result "1-0"]
[WhiteElo "853"]
[BlackElo "767"]
[PlyCount "71"]
[GameId "2160767910093707"]
[EventDate "2009.07.21"]
[EventType "tourn"]
[EventRounds "5"]
[EventCountry "CAN"]
[SourceTitle "hb 2009.10"]

1. e4 e5 2. Nf3 Nc6 3. Bc4 Bc5 4. Nc3 Nf6 5. d3 O-O 6. O-O d6 7. Bg5 h6 8. Bh4 Bg4 9. h3 Bh5 10. Qe2 Qd7 11. Bxf6 gxf6 12. a3 Rae8 13. Rab1 Bxf3 14. Qxf3 h5 15. b4 Bb6 16. Qxh5 Nd4 17. Rfd1 Nxc2 18. a4 Na3 19. Rbc1 d5 20. exd5 Kg7 21. Rd2 Rh8 22. Qg4+ Kf8 23. Qxd7 f5 24. Nb5 Kg7 25. Nxa3 Rd8 26. Qxf5 Rde8 27. Re2 Bd4 28. Re4 b6 29. Rg4+ Kf8 30. Qd7 Bb2 31. Rc2 Bxa3 32. Rg5 Bxb4 33. Rf5 Rh7 34. Re2 Kg7 35. Qxf7+ Kh6 36. Qf6# 1-0

[Event "CYCC U10 w"]
[Site "Victoria CAN"]
[Date "2009.07.23"]
[Round "5"]
[White "Giblon, Melissa"]
[Black "Cheng, Megan"]
[Result "1/2-1/2"]
[WhiteElo "1208"]
[BlackElo "964"]
[PlyCount "42"]
[GameId "2160767910093708"]
[EventDate "2009.07.21"]
[EventType "tourn"]
[EventRounds "5"]
[EventCountry "CAN"]
[SourceTitle "EXT 2011"]
[Source "ChessBase"]
[SourceDate "2011.11.26"]
[SourceVersion "1"]
[SourceVersionDate "2011.11.26"]
[SourceQuality "1"]

1. e4 e5 2. Nf3 Nc6 3. Bc4 Bc5 4. O-O Nf6 5. Nc3 O-O 6. d3 d6 7. h3 Nd4 8. Bg5 c6 9. Nxd4 Bxd4 10. Qf3 Be6 11. Bb3 Re8 12. Bxf6 Qxf6 13. Qxf6 gxf6 14. Kh1 Kh8 15. Rab1 Rad8 16. Ne2 Bb6 17. f4 d5 18. f5 Bc8 19. Ng3 Bc5 20. Nh5 Be7 21. Rf3 Rg8 1/2-1/2

[Event "CYCC U10 w"]
[Site "Victoria CAN"]
[Date "2009.07.23"]
[Round "5"]
[White "Peng, Janet"]
[Black "Milicevic, Aleksandra"]
[Result "1/2-1/2"]
[WhiteElo "992"]
[BlackElo "1194"]
[PlyCount "117"]
[GameId "2160767910093709"]
[EventDate "2009.07.21"]
[EventType "tourn"]
[EventRounds "5"]
[EventCountry "CAN"]
[SourceTitle "hb 2009.10"]

1. d4 d5 2. c4 Nf6 3. Nc3 g6 4. Nf3 Nc6 5. Bf4 Bg7 6. e3 Bf5 7. Bd3 Bxd3 8. Qxd3 O-O 9. cxd5 Nxd5 10. O-O-O Nxf4 11. exf4 Nb4 12. Qb5 Qd6 13. a3 Nc6 14. g3 Rab8 15. d5 Nd8 16. Ne4 Qb6 17. Qxb6 axb6 18. Rhe1 c6 19. dxc6 bxc6 20. Neg5 Bf6 21. f5 c5 22. fxg6 hxg6 23. h4 b5 24. g4 b4 25. axb4 cxb4 26. h5 Rc8+ 27. Kb1 b3 28. h6 Kh8 29. Ne4 Ne6 30. g5 Bxg5 31. Nexg5 Nxg5 32. Nxg5 e6 33. Rd7 f6 34. Nf7+ Kg8 35. Rh1 Rxf7 36. Rxf7 Kxf7 37. Rh3 g5 38. Rxb3 Kg6 39. Rb6 Kxh6 40. Rxe6 Kg6 41. b4 Rb8 42. Re4 f5 43. Rc4 g4 44. Ka2 Kg5 45. Ka3 f4 46. Ka4 f3 47. Ka5 Kh4 48. Rc1 Kh3 49. Rh1+ Kg2 50. Rh4 g3 51. fxg3 Kxg3 52. Rc4 f2 53. Rc1 Kg2 54. b5 f1=Q 55. Rxf1 Kxf1 56. Ka6 Ke2 57. b6 Kd3 58. Ka7 Rxb6 59. Kxb6 1/2-1/2

[Event "CYCC U12"]
[Site "Victoria CAN"]
[Date "2009.07.21"]
[Round "1"]
[White "Cheng, Guy"]
[Black "Sabaratnam, Thiruvaran"]
[Result "0-1"]
[WhiteElo "1292"]
[BlackElo "1632"]
[PlyCount "142"]
[GameId "2160767910093710"]
[EventDate "2009.07.21"]
[EventType "swiss"]
[EventRounds "7"]
[EventCountry "CAN"]
[SourceTitle "EXT 2011"]
[Source "ChessBase"]
[SourceDate "2011.11.26"]
[SourceVersion "1"]
[SourceVersionDate "2011.11.26"]
[SourceQuality "1"]

1. d4 d5 2. c4 e6 3. Nc3 Nf6 4. Bg5 Be7 5. Nf3 O-O 6. e3 b6 7. Rc1 Bb7 8. Bd3 Nbd7 9. O-O h6 10. Bh4 c5 11. Ne5 a6 12. cxd5 Nxd5 13. Nxd5 Bxd5 14. Bxe7 Qxe7 15. Nxd7 Qxd7 16. dxc5 bxc5 17. Rxc5 Qb7 18. f3 Qxb2 19. Rf2 Qb6 20. Qc1 Rfd8 21. Rfc2 Bxf3 22. Rc8 Bb7 23. Rxa8 Rxa8 24. Rb2 Qa7 25. Kf2 Rd8 26. Qb1 Bc6 27. Rb4 e5 28. a4 a5 29. Rc4 Qd7 30. Qc2 Qxd3 31. Rxc6 Qxc2+ 32. Rxc2 Rd5 33. Kf3 f5 34. Rc4 Kf7 35. h3 h5 36. g4 hxg4+ 37. hxg4 g6 38. Ke2 e4 39. gxf5 gxf5 40. Rc6 Re5 41. Kf2 Rd5 42. Ke2 Ke7 43. Rc3 Ke6 44. Rc6+ Rd6 45. Rc5 Rd5 46. Rc3 Kd6 47. Rc8 Rc5 48. Rd8+ Ke5 49. Re8+ Kd5 50. Rd8+ Kc4 51. Rd4+ Kb3 52. Kf2 Rc4 53. Rd5 Kxa4 54. Kg3 Kb4 55. Kf4 a4 56. Rxf5 a3 57. Rf8 Kb3 58. Rb8+ Rb4 59. Ra8 a2 60. Rxa2 Kxa2 61. Kg3 Kb3 62. Kf4 Kc3 63. Kg3 Kd3 64. Kf4 Ra4 65. Ke5 Kxe3 66. Kf5 Kf2 67. Kf4 e3+ 68. Ke5 e2 69. Kd5 e1=Q 70. Kd6 Rd4+ 71. Kc5 Qc3+ 0-1

[Event "CYCC U12"]
[Site "Victoria CAN"]
[Date "2009.07.21"]
[Round "1"]
[White "Fu, James"]
[Black "Rathburn-MacKay, Hector"]
[Result "1-0"]
[WhiteElo "1806"]
[BlackElo "1436"]
[PlyCount "45"]
[GameId "2160767910093712"]
[EventDate "2009.07.21"]
[EventType "swiss"]
[EventRounds "7"]
[EventCountry "CAN"]
[SourceTitle "hb 2009.10"]

1. e4 g6 2. Nf3 Bg7 3. d4 d6 4. Bc4 Nf6 5. Nc3 O-O 6. O-O Nxe4 7. Bxf7+ Rxf7 8. Nxe4 Bf5 9. Neg5 Rf8 10. Nh4 Qd7 11. h3 Bf6 12. Re1 Qb5 13. c4 Qb6 14. Nxf5 gxf5 15. Qh5 Bxg5 16. Qxg5+ Kh8 17. Rxe7 Qxd4 18. Bd2 Qxb2 19. Rc1 Rg8 20. Qh6 Rg7 21. Bc3 Qxc3 22. Rxc3 Rf7 23. Rxf7 1-0

[Event "CYCC U12"]
[Site "Victoria CAN"]
[Date "2009.07.21"]
[Round "1"]
[White "Herdin, Matthew"]
[Black "Lai, Peter"]
[Result "0-1"]
[WhiteElo "1480"]
[BlackElo "1773"]
[PlyCount "98"]
[GameId "2160767910093713"]
[EventDate "2009.07.21"]
[EventType "swiss"]
[EventRounds "7"]
[EventCountry "CAN"]
[SourceTitle "hb 2009.10"]

1. d4 f5 2. Nf3 Nf6 3. e3 e6 4. Bd3 Be7 5. O-O O-O 6. c4 d5 7. b3 c6 8. Bb2 Bd7 9. Qc2 Ne4 10. Bxe4 fxe4 11. Ne5 Be8 12. f3 exf3 13. Rxf3 Rxf3 14. Nxf3 Bg6 15. Qe2 c5 16. Nc3 Nc6 17. Rd1 cxd4 18. exd4 Qd7 19. cxd5 exd5 20. Ne5 Nxe5 21. Qxe5 Rd8 22. Nxd5 Bd6 23. Qg5 Bxh2+ 24. Kxh2 Qxd5 25. Qxd5+ Rxd5 26. Re1 Rd7 27. Re8+ Kf7 28. Rb8 Be4 29. Rc8 Bc6 30. a4 Rd5 31. Bc3 Rh5+ 32. Kg1 Rg5 33. Rc7+ Ke6 34. Bb4 Rxg2+ 35. Kf1 Rg4 36. Re7+ Kf6 37. Re3 Rf4+ 38. Ke2 Re4 39. Rxe4 Bxe4 40. Kd2 Bd5 41. Bc5 a6 42. b4 Bc6 43. a5 Kf5 44. Ke2 h5 45. Kf2 h4 46. Kg1 Kg4 47. Kh2 Kf3 48. Be7 Kg4 49. Bc5 Kh5 0-1

[Event "CYCC U12"]
[Site "Victoria CAN"]
[Date "2009.07.21"]
[Round "1"]
[White "Jensen, Jacob"]
[Black "McCullough, David"]
[Result "1-0"]
[WhiteElo "1635"]
[BlackElo "1373"]
[PlyCount "61"]
[GameId "2160767910093714"]
[EventDate "2009.07.21"]
[EventType "swiss"]
[EventRounds "7"]
[EventCountry "CAN"]
[SourceTitle "EXT 2011"]
[Source "ChessBase"]
[SourceDate "2011.11.26"]
[SourceVersion "1"]
[SourceVersionDate "2011.11.26"]
[SourceQuality "1"]

1. c4 Nf6 2. Nc3 e6 3. Nf3 Nc6 4. g3 b6 5. Bg2 Bb7 6. O-O Be7 7. a3 a5 8. d4 d5 9. Bf4 dxc4 10. e3 O-O 11. Qc2 Bd6 12. Bg5 h6 13. Bxf6 Qxf6 14. Nd2 Rab8 15. Nce4 Qe7 16. Nxc4 Rfc8 17. Qd2 Ba6 18. Rfc1 e5 19. Ncxd6 cxd6 20. dxe5 dxe5 21. Nd6 Rd8 22. Rxc6 Bb5 23. Nf5 Rxd2 24. Nxe7+ Kf8 25. Rc7 Rxb2 26. Nd5 Bd3 27. Rac1 f6 28. Bh3 Ra2 29. Be6 Ba6 30. Rf7+ Kg8 31. Rb7+ 1-0

[Event "CYCC U12"]
[Site "Victoria CAN"]
[Date "2009.07.21"]
[Round "1"]
[White "Lo, Ryan"]
[Black "Violette, Sebastien"]
[Result "1-0"]
[WhiteElo "1615"]
[BlackElo "1150"]
[PlyCount "83"]
[GameId "2160767910093716"]
[EventDate "2009.07.21"]
[EventType "swiss"]
[EventRounds "7"]
[EventCountry "CAN"]
[SourceTitle "EXT 2011"]
[Source "ChessBase"]
[SourceDate "2011.11.26"]
[SourceVersion "1"]
[SourceVersionDate "2011.11.26"]
[SourceQuality "1"]

1. d4 Nf6 2. c4 g6 3. Nc3 Bg7 4. e4 O-O 5. Nf3 d6 6. h3 c5 7. d5 e6 8. Be3 Nbd7 9. Bd3 b6 10. O-O Bb7 11. Qd2 Qe7 12. Bg5 e5 13. b3 a6 14. Rfe1 Rac8 15. Rab1 Rfe8 16. Na4 Ba8 17. Ra1 Rb8 18. Nc3 Kh8 19. Rf1 Kg8 20. Bh6 Qf8 21. Bxg7 Qxg7 22. a4 a5 23. Ne2 Bb7 24. Ng3 h6 25. Qe2 Ba6 26. Nh2 Kh7 27. Ng4 Nxg4 28. Qxg4 Nf6 29. Qf3 Rg8 30. Rad1 Nh5 31. Kh2 Nxg3 32. Qxg3 h5 33. Rh1 Rbf8 34. Kg1 Kh6 35. Qe3+ g5 36. h4 f6 37. Be2 Qg6 38. hxg5+ fxg5 39. Rxh5+ Kg7 40. Rxg5 Qxg5 41. Qxg5+ Kh8 42. Qh6# 1-0

[Event "CYCC U12"]
[Site "Victoria CAN"]
[Date "2009.07.21"]
[Round "1"]
[White "Qian, Jack"]
[Black "Pecherski, Daniel"]
[Result "0-1"]
[WhiteElo "1319"]
[BlackElo "1731"]
[PlyCount "87"]
[GameId "2160767910093718"]
[EventDate "2009.07.21"]
[EventType "swiss"]
[EventRounds "7"]
[EventCountry "CAN"]
[SourceTitle "hb 2009.10"]

1. e4 e6 2. d4 d5 3. Nc3 Nf6 4. e5 Nfd7 5. f4 c5 6. Nf3 Nc6 7. Be3 Be7 8. Be2 O-O 9. O-O a6 10. f5 b5 11. g4 cxd4 12. Nxd4 Ndxe5 13. fxe6 fxe6 14. Rxf8+ Qxf8 15. Nxc6 Nxc6 16. Nxd5 Bc5 17. Qd2 Qd6 18. Bxc5 Qxc5+ 19. Ne3 Bb7 20. Bf3 Rd8 21. Qf2 Rf8 22. b4 Nxb4 23. Nf5 Qxf2+ 24. Kxf2 Bxf3 25. Kxf3 exf5 26. gxf5 Rxf5+ 27. Ke4 Rf2 28. c3 Nc6 29. a4 Rxh2 30. axb5 axb5 31. Ra6 Ne7 32. Rb6 Rh5 33. Rb8+ Kf7 34. Ra8 b4 35. c4 Rh4+ 36. Kd3 b3 37. Rb8 Nc6 38. Rb7+ Kf8 39. c5 Rb4 40. Rc7 Ne5+ 41. Kc3 b2 42. Rc8+ Kf7 43. Rc7+ Kg6 44. c6 0-1